01073cam a2200265 a 450000500170000000800410001701000140005802000230007202000260009503500130012103700150013404000180014908200140016711101050018124500750028624600300036126000400039127000480043130000280047950000400050752001730054765000340072070000210075471000320077520090506105612.0070612s2007 ii | b 10| 0 eng  aENG-93452 a8189886266c750.00 a9788189886264c750.00 aEN-76985 bDBAD / PUB adplbEnglish  a368.00954 aNational Level Seminar on "Recent Trends in Insurance Sector"d(2006 :cGandhigram Rural University) aRecent trends in insurance sector in India /ceditor, K. Ravichandran. aInsurance sector in India aDelhi bAbhijeet Publicationsc2007 a2/46 Tukhmeerpur Extension bDelhi e110094 axvi, 256p. c22cm (Hb)  aIncludes bibliographical references aContributed articles presented earlier at the National Level Seminar on "Recent Trends in Insurance Sector" in November 2006 at Gandhigram Rural University, Gandhigram. aInsurancezIndiavCongresses. aRavichandran, K. aGandhigram Rural Institute.